The Elementary School Journal (Record no. 82440)
[ view plain ]
| 000 -LEADER | |
|---|---|
| fixed length control field | 00403nam a22001577a 4500 |
| 005 - DATE AND TIME OF LATEST TRANSACTION | |
| control field | 20250327162832.0 |
| 008 - FIXED-LENGTH DATA ELEMENTS--GENERAL INFORMATION | |
| fixed length control field | 250327b |||||||| |||| 00| 0 eng d |
| 022 ## - INTERNATIONAL STANDARD SERIAL NUMBER | |
| International Standard Serial Number | 0013-5984 |
| 040 ## - CATALOGING SOURCE | |
| Transcribing agency | URS |
| 082 ## - DEWEY DECIMAL CLASSIFICATION NUMBER | |
| Classification number | 371.3 |
| 245 10 - TITLE STATEMENT | |
| Title | The Elementary School Journal |
| 264 ## - PRODUCTION, PUBLICATION, DISTRIBUTION, MANUFACTURE, AND COPYRIGHT NOTICE | |
| Place of production, publication, distribution, manufacture | Chicago, Illinois |
| Name of producer, publisher, distributor, manufacturer | University of Chicago Press, |
| 300 ## - PHYSICAL DESCRIPTION | |
| Extent | volumes |
| 650 0# - SUBJECT ADDED ENTRY--TOPICAL TERM | |
| Topical term or geographic name entry element | Elementary education |
| 942 ## - ADDED ENTRY ELEMENTS (KOHA) | |
| Source of classification or shelving scheme | Dewey Decimal Classification |
| Koha item type | Continuing Resources |
| Serial record | 1 |
| Withdrawn status | Lost status | Source of classification or shelving scheme | Damaged status | Not for loan | Home library | Current library | Shelving location | Date acquired | Serial Enumeration / chronology | Total Checkouts | Full call number | Barcode | Date last seen | Price effective from | Koha item type |
|---|---|---|---|---|---|---|---|---|---|---|---|---|---|---|---|
| Library of Congress Classification | Pililla College Library | Pililla College Library | Periodicals | 03/27/2025 | Vol. 124, No. 2 | 371.3 | PIL-00135984-124-2 | 03/27/2025 | 03/27/2025 | Continuing Resources | |||||
| Dewey Decimal Classification | Pililla College Library | Pililla College Library | Periodicals | 03/27/2025 | Vol. 124, No. 3 | 371.3 | PIL-00135984-124-3 | 03/27/2025 | 03/27/2025 | Continuing Resources | |||||
| Dewey Decimal Classification | Pililla College Library | Pililla College Library | Periodicals | 03/27/2025 | Vol. 124, No. 4 | 371.3 | PIL-00135984-124-4 | 03/27/2025 | 03/27/2025 | Continuing Resources | |||||
| Dewey Decimal Classification | Pililla College Library | Pililla College Library | Periodicals | 03/27/2025 | Vol. 125, No. 1 | PIL-00135984-125-1 | 03/27/2025 | 03/27/2025 | Continuing Resources |